|
|
|
|
| LEADER |
01579cam a22002777i 4500 |
| 005 |
20210117210211.0 |
| 008 |
160928s2004 enk f b 001 0 eng d |
| 020 |
|
|
|a 0754632288
|q (alk. paper)
|
| 040 |
|
|
|a DLC
|b gre
|c DLC
|d DLC
|d GR-PaULI
|e AACR2
|
| 082 |
0 |
0 |
|a 121.4
|2 23
|
| 100 |
1 |
|
|a Panaccio, Claude
|d 1946-
|9 84027
|e συγγραφέας
|
| 245 |
1 |
0 |
|a Ockham on concepts /
|c Claude Panaccio.
|
| 260 |
|
|
|a Aldershot, Hants, England ;
|a Burlington, VT :
|b Ashgate Pub.,
|c c2004.
|
| 300 |
|
|
|a xi, 197 σ. ;
|c 25 εκ.
|
| 490 |
1 |
|
|a Ashgate studies in medieval philosophy
|
| 504 |
|
|
|a Περιλαμβάνει βιβλιογραφία (σ. 187-193) και ευρετήριο.
|
| 505 |
0 |
|
|a Intuition, abstraction, and mental language -- Intellectual acts -- Combining acts -- Concepts as signs -- Connotative terms in mental language -- The role of nominal definitions -- Cognition and connotation -- Concepts as similitudes -- Logical concepts -- The meaning of words.
|
| 600 |
0 |
0 |
|a William,
|c of Ockham,
|d approximately 1285-approximately 1349.
|9 84028
|
| 650 |
|
4 |
|a Έννοια (Φιλοσοφία)
|9 44581
|
| 650 |
|
4 |
|a Φιλοσοφία, Μεσαιωνική
|9 7325
|
| 830 |
|
0 |
|9 157112
|a Ashgate studies in medieval philosophy.
|
| 856 |
4 |
1 |
|3 Table of contents
|u http://www.loc.gov/catdir/toc/ecip0417/2004008560.html
|
| 942 |
|
|
|2 ddc
|c BK15
|
| 952 |
|
|
|0 0
|1 0
|2 ddc
|4 0
|6 121_400000000000000_PAN
|7 0
|9 205807
|a PHIL
|b PHIL
|d 2016-09-28
|i 11543
|l 0
|o 121.4 PAN
|p 025000135898
|r 2016-09-28 00:00:00
|t 1
|v 2016.00
|w 2016-09-28
|y BK15
|
| 998 |
|
|
|c ΚΑΝΕΛΛΟΠΟΥΛΟΥ
|d 2016-09
|
| 999 |
|
|
|c 125132
|d 125132
|